000 00485nam a2200157Ia 4500
008 240729s9999 xx 000 0 und d
022 _a2460-5824
245 0 _aJournal of Natural Resources and Environmental Management
260 _aIndonesia
260 _bBogor Agricultural University
650 _a Environmental sciences
650 _aGeography. Anthropology. Recreation
856 _uhttps://doaj.org/toc/2f7c1ffcfea84995a81e67eae7c2563c
942 _2ddc
942 _cDOAJEJ
999 _c68631
_d68631
945 _a1
_bMadushi Gamage
_c1
_dMadushi Gamage